000 00662cab a2200217 4500
001 WB3101-06
008 090401t1995 xxu||||| |||| 00| 0 eng d
035 _a(Sirsi) u61346
041 _aeng
245 _aNatWest Tower to rise again
260 _c1995
350 _a0
490 _aTimes
_v6 January 1995, 21(1)
520 _aRefurbishment work on the NatWest Tower badly damaged in the April 1993 IRA Broadgate bomb is due to commence in February 1995.
650 _aBOMB BLAST
650 _aNATWEST TOWER
650 _aBUILT ENVIRONMENT-BUILDING MAINTENANCE AND REFURBISHMENT
690 _aBUILT ENVIRONMENT
942 _n0
948 _c04/03/1997
999 _c37986
_d37986